Classement 2012 des plus grosses entreprises françaises - Statistiques

Statistiques générales
  • Ce quiz a été pris 570 fois
  • Le résultat moyen est 7 sur 20
Statistiques - réponses
Chiffre d'affaires (en milliards d'€) Nombre d'employés (en milliers) Entreprise % Correct
55 446 202 PSA Peugeot Citroën
74%
41 270 127 Renault
73%
200 061 97 Total
69%
76 789 365 Carrefour
56%
72 729 160 EDF
52%
43 515 171 Orange
44%
46 931 287 Auchan
43%
33 547 134 Bouygues
42%
97 038 80 GDF Suez
42%
33 820 249 SNCF
41%
39 072 190 BNP Paribas
38%
38 634 193 Vinci
33%
90 126 160 Axa
29%
29 438 220 Veolia Environnement
22%
29 881 93 Christian Dior
16%
34 947 110 Sanofi
16%
28 994 58 Vivendi
15%
43 198 193 Saint-Gobain
10%
44 456 20 Louis-Dreyfus Commodities
2%
42 665 324 Foncière Euris (Rallye)
1%
Aucun quiz correspondant
Distribution des résultats
% des personnes avec chaque résultat
Percentile par nombre de réponses
Votre historique - résultats
Vous n’avez pas pris ce quiz